عرض عادي عرض مارك
  • عزت، حسين نور الدين

مدخل إسم شخص

عدد التسجيلات المستخدمة في: 1

001 - رقم الضبط

  • حقل الضبط: 99780

003 - معرف رقم الضبط

  • حقل الضبط: OSt

005 - تاريخ ووقت أخر عملية

  • حقل الضبط: 20220901101145.0

008 - عناصر بيانات ثابتة الطول

  • حقل تحكم ثابت الطول: 220901|| aca||aabn | a|a d

040 ## - مصدر الفهرسة

  • هيئة الفهرسة الأصلية: OSt
  • وكالة الكتابة: OSt

100 ## - مدخل -- أسم شخص

  • إسم شخص: عزت، حسين نور الدين

670 ## - بيانات المصدر موجوده

  • الاستشهاد بالمصدر: Work cat.: (OSt): عزت، حسين نور الدين, الخوارزميات والفيجوال بيسك 6 /